| 000 | 00577nam a2200193Ia 4500 | ||
|---|---|---|---|
| 005 | 20250507130308.0 | ||
| 008 | 008 250505s9999 xx 000 0 eng d | ||
| 037 | _aSeries Article | ||
| 040 |
_aEASL _beng _cEASL |
||
| 041 |
_aeng _2eng |
||
| 084 | _qEASL | ||
| 100 |
_aZhan Jing Vivian Etc. _9674256 |
||
| 245 | 0 | _aResource dependence and human capital in china | |
| 260 |
_aUK _bCambridge Cambridge Univesity Press _c2015 |
||
| 300 | _a49-72Pp. | ||
| 650 |
_aChina; China - Human Capital Investment _9755120 |
||
| 942 | _cSRA | ||
| 999 |
_c1318830 _d1318830 |
||